000 00453nam a2200169Ia 4500
999 _c37401
_d37401
003 OSt
005 20200929144802.0
008 190216s9999||||xx |||||||||||||| ||und||
040 _coclc
082 _a592
_bKOT/M
100 _aKotpal, R L
_95002
245 0 _aMinor Phyla /
_cR L Kotpal
260 _bRasthogi Publications,
_c1983.
_aMeerut:
300 _a232p
650 _aZoology
942 _cBK
_2ddc
_h592
_iKOT/M
_k592
_mKOT/M